01870 2200241 4500001002100000005001500021008004100036020001500077035001900092041000800111082001300119084001900132100001900151700003300170245004000203250001200243260003600255300002900291500024500320520098300565650004001548650004001588INLIS00000000000388920200508202505200508||||||||| | ||| |||| ||eng|| a0787663670 0010-0520003889 aeng0 a349.7303 a349.7303/(ED/W0 aJeffrey Lehman0 aand Shirelle Phelps (editor)00aWest's Encyclopedia of American Law a2nd.ed. aDetroitbNelson-Educationc2005 a13 vol.b:illus.;c29 cm aVol.1: A-Ba; vol.2: Be-Col; vol.3: Com-Fre; vol.4: Dou-Fre; vol.5: Fri-Jam; vol.6: Jap-Ma; vol.7: Mc-Pl; vol.8: Po-San; vol.9: Sar-Ten; vol.10: Ter-Z; vol.11: Milestones in the law; vol.12: Primary Documents; vol.13: Dictionary and Indexes. aThe new edition of this standard legal reference is a worthy successor to the original. The encyclopedia contains a comprehensive overview of American law, covering historical and current terms, concepts, events, movements, cases, and significant persons. New cases, events, and trends have been thoroughly integrated into existing entries. Some, such as Absentee voting, Jurisdiction, and terrorism, have been substantially rewritten, while many others, such as Abington School District v. schempp, abortion, and Judge advocate have new content appended. Omissions from the first edition have been corrected, with new entries for Ralph David Abernathy, Bella Abzug, the Amistad mutiny, and the "abuse excuse" as well as for George W. Bush, Tom Ridge, and Kenneth Starr, of recent import. Of the more than 5,000 entries, 2,000 have been revised and 630 are new. Even the photographs have been updated--different photographs are often used, even when article content is the same. 0aLaw - United States - Encyclopedias 0aLaw - United States - Popular works